000 00435nam a22001577a 4500
005 20231115084833.0
008 231115b |||||||| |||| 00| 0 eng d
041 _aEnglish
082 _a344.4 ENV
100 _aWimble, D
_lEnglish
245 _aEnvironmental Law and Common Law /
_cD Wimble
260 _c1992
300 _b20 pages ;
_c30,5 cm.
650 _aLegal practice
_bLaw
942 _cBK
_6ALISON_BN_VRIES
999 _c658
_d658